000 00559nam a2200217Ia 4500
003 OSt
005 20230427114005.0
008 210423s2002 xx 000 0 und d
020 _a521771293
040 _cAL
041 _aeng
082 _a621.381045 ROSE
_223
100 _aROSENCHER (Emmanuel);VINTER( Borge).
_993944
245 _aOptoelectronics.
260 _aNew Delhi
_bCambridge University Press
_c2002
300 _axiv,725p
_bBP
365 _b7315.43
_cINR
650 _aElectronics
_993945
906 _aOptoelectronics.
942 _2ddc
_cBK
999 _c161801
_d161801